Statistics for Regions of Yemen on a Map

Click here to take the quiz!

General Stats

  • This quiz has been taken 920 times
  • The average score is 8 of 21

Answers on the Map

Answers color-coded by a green-red scale on the quiz's map according to % correct below.
 

Answer Stats

North% Correct
Sana'a
93%
Aden
79%
Ibb
47%
Hadramaut
42%
Sa'ada
41%
Taizz
41%
Marib
40%
Al Jawf
38%
Abyan
36%
Al Hudaydah
34%
Amran
34%
Shabwah
34%
Dhamar
33%
Al-Bayda
32%
Hajjah
32%
Raymah
28%
Al Mahwit
27%
Lahj
25%
Amanat Al Asimah
21%
Al Dhale'e
20%
Al Maharah
19%

Score Distribution

Percentile by Number Answered

Percent of People with Each Score

Your Score History

You have not taken this quiz